| 000 | 00363nam a22001337a 4500 | ||
|---|---|---|---|
| 082 |
_a355.0335491 _bCHE _cD |
||
| 100 |
_aCheema pervaiz iqbal _937425 |
||
| 245 | _aPakistan's Defence Policy 1947-58 | ||
| 260 |
_aLahore _bSang-e-Meel publications _c1998 |
||
| 300 | _a250 p; | ||
| 526 |
_a0 _b0 _c0 _d355_033549100000000_CHE |
||
| 650 |
_aMCE _9379 |
||
| 942 |
_2ddc _cBK |
||
| 999 |
_c551626 _d551626 |
||